Advertising Art.com: (Record no. 190906)

MARC details
000 -LEADER
fixed length control field 00570nam a22001817a 4500
005 - DATE AND TIME OF LATEST TRANSACTION
control field 20220810145251.0
010 ## - LCCN (DPL NO)
LC control number ENG-134382
020 ## - INTERNATIONAL STANDARD BOOK NUMBER
Terms of availability 450.00
035 ## - SYSTEM CONTROL NUMBER
System control number EN-117914
037 ## - SOURCE OF ACQUISITION
Source of stock number/acquisition DBAD/PUB
082 ## - DEWEY DECIMAL CLASSIFICATION NUMBER
Classification number 659.1
100 ## - MAIN ENTRY--PERSONAL NAME
Personal name Jagtap, Jayprakash
245 ## - TITLE STATEMENT
Title Advertising Art.com:
Remainder of title Theory & Ideas/
Statement of responsibility, etc Jayprakash Jagtap
260 ## - PUBLICATION, DISTRIBUTION, ETC. (IMPRINT)
Place of publication, distribution, etc Pune
Name of publisher, distributor, etc Jagtap Publication House
Date of publication, distribution, etc 2019
270 ## - ADDRESS
Address D/II/3, Shree Prasanna Housing Soceity, Bibavewadi
City Pune
Postal code 411037
Electronic mail address jayprakashjjagtap@gmail.com
300 ## - PHYSICAL DESCRIPTION
Extent 202p.
Dimensions 28cm(pbk)
942 ## - ADDED ENTRY ELEMENTS (KOHA)
Source of classification or shelving scheme Dewey Decimal Classification
Item type English Books
Classification part 659.1
Call number suffix JAG
Holdings
Withdrawn status Lost status Not for loan Collection code Home library Current library Date acquired Source of acquisition Cost, normal purchase price Full call number Barcode Copy number Cost, replacement price Koha item type
      Non-fiction Bawana Bawana 10/08/2022 DBAD/PUB 450.00 659.1 JAG EN-117914 1 450.00 English Books

© Delhi Public Library
Hit Counter
free hit counter